| 000 | 00508nam a22001937a 4500 | ||
|---|---|---|---|
| 003 | OSt | ||
| 005 | 20140310182842.0 | ||
| 008 | 130213t xxu||||| |||| 00| 0 eng d | ||
| 050 |
_aND 653 _b.R589 1954 |
||
| 082 |
_aM 927.5 _bG55r 1954 |
||
| 245 |
_aVincent van Gogh _cRipley, Elizabeth |
||
| 260 |
_aNew York : _bOxford University Press, _cc1954. |
||
| 300 |
_a68 p. _c26 cm. _bill. ; |
||
| 521 | _aCollege Students | ||
| 526 | _c1210L-1700L | ||
| 541 | _j1 | ||
| 562 | _e1 | ||
| 942 |
_2lcc _cBK _kM |
||
| 999 |
_c16869 _d16869 |
||